Statistics for 15 Countries Containing an Unknown Letter

Click here to take the quiz!

General Stats

  • This quiz has been taken 118 times
  • The average score is 9 of 16

Answer Stats

Country % Correct
United Kingdom
79%
Kenya
77%
Kazakhstan
73%
Kennedy
69%
Uzbekistan
65%
Turkmenistan
64%
Kosovo
63%
North Korea
59%
South Korea
59%
Pakistan
59%
Tajikistan
58%
Ukraine
53%
Denmark
49%
Burkina Faso
32%
Sri Lanka
30%
Slovakia
29%

Score Distribution

Percentile by Number Answered

Percent of People with Each Score

Your Score History

You have not taken this quiz